| 000 | 00663nam a2200217 a 4500 | ||
|---|---|---|---|
| 001 | BRCA_8232 | ||
| 005 | 20190320210203.0 | ||
| 008 | 230514s1957----gw-a###f##---#001-0#ger-# | ||
| 041 | _ager | ||
| 044 | _agw | ||
| 050 | 4 |
_aN2325 _b.A48 1957 |
|
| 245 | 1 | 0 |
_aAlte Pinakothek München _bkurzes verzeichnis der bilder amtliche ausgabe 1957 _ceinführung von Erns Buchner. |
| 260 |
_aMúnich _bHirmer _c1957 |
||
| 300 |
_a119 p. _bil. 266 láminas _c21 cm. |
||
| 500 | _aT28b | ||
| 650 | 1 | 4 |
_aPinturas _vCatálogos _zMúnich _920528 |
| 650 | 1 | 4 |
_aPinturas _vGalerías y museos _zMúnich _920529 |
| 700 | 1 |
_aBuchner, Erns _eintr. _920530 |
|
| 902 | _aGFM | ||
| 942 |
_2lcc _cB |
||
| 999 |
_c7900 _d7900 |
||